Deciduous fruits and vines : (Record no. 161781)

MARC details
000 -LEADER
fixed length control field 00867nam a2200253Ia 4500
008 - FIXED-LENGTH DATA ELEMENTS--GENERAL INFORMATION
fixed length control field
020 ## - INTERNATIONAL STANDARD BOOK NUMBER
International Standard Book Number 0908396686
049 ## - LOCAL HOLDINGS (OCLC)
Holding library MAIN
090 ## - LOCALLY ASSIGNED LC-TYPE CALL NUMBER (OCLC); LOCAL CALL NUMBER (RLIN)
Classification number (OCLC) (R) ; Classification number, CALL (RLIN) (NR) SB608.F8NEL
003 - CONTROL NUMBER IDENTIFIER
control field
005 - DATE AND TIME OF LATEST TRANSACTION
control field 20230123134211.0
040 ## - CATALOGING SOURCE
Transcribing agency NUST
100 1# - MAIN ENTRY--PERSONAL NAME
Personal name Nel, P. J.
245 10 - TITLE STATEMENT
Title Deciduous fruits and vines :
Remainder of title pests and diseases and their control /
Statement of responsibility, etc. P.J. Nel.
260 ## - PUBLICATION, DISTRIBUTION, ETC.
Place of publication, distribution, etc. Cape Town :
Name of publisher, distributor, etc. Philip,
Date of publication, distribution, etc. 1983.
300 ## - PHYSICAL DESCRIPTION
Extent xvi, 191 p., [16] p. of plates :
Other physical details ill. (some col.) ;
Dimensions 22 cm.
504 ## - BIBLIOGRAPHY, ETC. NOTE
Bibliography, etc. note Bibliography: p. [174]-186.
500 ## - GENERAL NOTE
General note Includes index.
500 ## - GENERAL NOTE
General note "First published in the USA 1985 by Barnes & Noble Books ..."--Label on t.p. verso.
650 #0 - SUBJECT ADDED ENTRY--TOPICAL TERM
Topical term or geographic name entry element Fruit
General subdivision Diseases and pests
Geographic subdivision South Africa.
650 #0 - SUBJECT ADDED ENTRY--TOPICAL TERM
Topical term or geographic name entry element Plant parasites
General subdivision Control
Geographic subdivision South Africa.
907 ## - LOCAL DATA ELEMENT G, LDG (RLIN)
a .b10201002
b 10-05-06
c 08-05-06
942 ## - ADDED ENTRY ELEMENTS (KOHA)
Koha item type Ordinary Loan Books
Call number prefix SB608.F8NEL
Holdings
Date last seen Total Checkouts Full call number Barcode Cost, replacement price Price effective from Koha item type Lost status Source of classification or shelving scheme Damaged status Not for loan Collection Withdrawn status Home library Current library Shelving location Date acquired Cost, normal purchase price
01/23/2023   SB608.F8 NEL 92003025537 80.00 01/23/2023 BOOKS   LCC     NFIC   MAIN MAIN GEN 01/23/2023 80.00